[Event "C.to Regionale Umbria"]
[Site "Foligno ITA"]
[Date "2009.06.06"]
[Round "4"]
[White "Bassini, Massimo"]
[Black "Andreozzi, Paolo"]
[Result "0-1"]
[WhiteElo "1563"]
[BlackElo "1770"]
[PlyCount "116"]
[EventDate "2009.06.05"]

1. d4 g6 2. e4 Bg7 3. Nf3 c5 4. c3 cxd4 5. cxd4 d5 6. e5 Nh6 7. Nc3 O-O 8. Be2
Nc6 9. Be3 Nf5 10. O-O Nxe3 11. fxe3 a6 12. e4 dxe4 13. Nxe4 Qb6 14. Qd2 Nxe5
15. Rad1 Rd8 16. Qf4 Nxf3+ 17. Rxf3 f5 18. Bc4+ Be6 19. Bxe6+ Qxe6 20. Nc3 Qb6
21. Kh1 Rxd4 22. Rxd4 Qxd4 23. Qc7 Qe5 24. Qc4+ Kf8 25. Rf1 Rd8 26. Ne4 Qd5 27.
Qc7 Qd7 28. Qc4 Qd3 29. Qxd3 Rxd3 30. b3 b6 31. h3 Ke8 32. Ng5 h6 33. Ne6 Be5
34. Re1 Bg3 35. Rc1 Kf7 36. Nc7 Bxc7 37. Rxc7 b5 38. Ra7 Rd6 39. Kh2 Kf6 40.
Kg3 g5 41. Ra8 Rd3+ 42. Kh2 Rd6 43. Rf8+ Ke5 44. Re8 Re6 45. Kg3 Kd5 46. Rc8
Rc6 47. Re8 e5 48. Rd8+ Ke4 49. Rd2 Ke3 50. Rd5 Re6 51. Kh2 g4 52. Kg1 Ke2 53.
Kh2 h5 54. Rc5 f4 55. hxg4 hxg4 56. a4 bxa4 57. bxa4 e4 58. Kg1 g3 0-1

[Event "C.to Regionale Umbria"]
[Site "Foligno ITA"]
[Date "2009.06.06"]
[Round "4"]
[White "Buoncristiani, Luca"]
[Black "De Leo, Sara"]
[Result "0-1"]
[WhiteElo "1509"]
[BlackElo "1401"]
[PlyCount "35"]
[EventDate "2009.06.05"]

1. Nf3 d5 2. g3 Nc6 3. d4 Bf5 4. c3 Nf6 5. Bg2 e6 6. O-O Bd6 7. Nbd2 O-O 8. c4
Re8 9. b3 e5 10. cxd5 Nxd5 11. Nc4 e4 12. Nfd2 Nxd4 13. Nxe4 Bxe4 14. Qxd4 Bxg2
15. Kxg2 Nf6 16. Nxd6 Qxd6 17. Qxd6 cxd6 18. Kf3 0-1

[Event "C.to Regionale Umbria"]
[Site "Foligno ITA"]
[Date "2009.06.06"]
[Round "4"]
[White "De Lucia, Alfredo"]
[Black "Casale, Antonio"]
[Result "1/2-1/2"]
[WhiteElo "1555"]
[BlackElo "1859"]
[PlyCount "76"]
[EventDate "2009.06.05"]

1. e4 c5 2. Nf3 d6 3. c3 Nf6 4. Na3 Nc6 5. d3 g6 6. Be2 Bg7 7. O-O O-O 8. Bg5
h6 9. Bf4 e6 10. Qc1 Kh7 11. Nc4 b5 12. Na3 a6 13. Re1 Bb7 14. Bf1 e5 15. Bd2
Qb6 16. h3 Rac8 17. Rb1 a5 18. Nc2 Ba6 19. Ne3 Qa7 20. Nd5 Nxd5 21. exd5 Ne7
22. c4 b4 23. Qd1 f5 24. Qe2 Rce8 25. Qd1 Qb6 26. Nh2 f4 27. Qg4 Bc8 28. Qf3
Nf5 29. Qd1 Bd7 30. Nf3 Qb7 31. b3 Ra8 32. Bc1 a4 33. Bb2 axb3 34. axb3 Ra2 35.
Nd2 Rfa8 36. Ne4 Qc7 37. Be2 Ne7 38. Bg4 38... Ng8 {...} 1/2-1/2

[Event "C.to Regionale Umbria"]
[Site "Foligno ITA"]
[Date "2009.06.06"]
[Round "4"]
[White "Ficco, Corrado"]
[Black "Tortolini, Francesco"]
[Result "1-0"]
[WhiteElo "2163"]
[BlackElo "1855"]
[PlyCount "45"]
[EventDate "2009.06.05"]

1. e4 d5 2. exd5 Qxd5 3. Nc3 Qa5 4. d4 Nf6 5. Nf3 Bf5 6. Bc4 Nbd7 7. Bd2 c6 8.
d5 cxd5 9. Nxd5 Qc5 10. Nxf6+ gxf6 11. Qe2 Rc8 12. Bb3 Rg8 13. O-O Bg4 14. Qe4
Qh5 15. Nd4 Bh3 16. g3 Bxf1 17. Rxf1 Nc5 18. Qe3 Nxb3 19. Qxb3 Qc5 20. Qa4+ Kd8
21. Rd1 Rg4 22. Ba5+ Rc7 23. Ne6+ 1-0

[Event "C.to Regionale Umbria"]
[Site "Foligno ITA"]
[Date "2009.06.06"]
[Round "4"]
[White "Marsili, Riccardo"]
[Black "Balducci, Alessandro"]
[Result "1/2-1/2"]
[WhiteElo "1874"]
[BlackElo "1816"]
[PlyCount "89"]
[EventDate "2009.06.05"]

1. e4 c5 2. Nf3 d6 3. d4 cxd4 4. Nxd4 Nf6 5. Nc3 a6 6. f3 e6 7. Be3 Nbd7 8. Qd2
b5 9. O-O-O Nb6 10. Qf2 Nfd7 11. g4 Bb7 12. h4 Rc8 13. Bd3 Qc7 14. Kb1 Na4 15.
Bd2 Ndc5 16. Rc1 Be7 17. g5 O-O 18. Nb3 d5 19. Rhe1 Bd6 20. Qe2 Bg3 21. Rh1 Be5
22. Nxa4 Nxa4 23. c3 Nc5 24. Nxc5 Qxc5 25. f4 Bc7 26. e5 Bb6 27. Rh2 Rc7 28. h5
d4 29. Qg4 Qd5 30. Bc2 Qf3 31. Qh3 Qxh3 32. Rxh3 g6 33. Bb3 Rfc8 34. a3 Kf8 35.
hxg6 hxg6 36. Rh8+ Kg7 37. Rxc8 Rxc8 38. cxd4 Rxc1+ 39. Kxc1 Bd5 40. Bc2 Kf8
41. Be3 Ke7 42. Kd2 Kd7 43. b3 Kc7 44. a4 bxa4 45. bxa4 1/2-1/2

[Event "C.to Regionale Umbria"]
[Site "Foligno ITA"]
[Date "2009.06.06"]
[Round "4"]
[White "Minelli, Francesco"]
[Black "Castrogiovanni, Carlo"]
[Result "0-1"]
[WhiteElo "1857"]
[BlackElo "2027"]
[PlyCount "69"]
[EventDate "2009.06.05"]

1. e4 c5 2. Nc3 e6 3. f4 d5 4. exd5 exd5 5. Bb5+ Nc6 6. Bxc6+ bxc6 7. Nf3 Nf6
8. d3 Be7 9. O-O O-O 10. Bd2 Qb6 11. Na4 Qb5 12. b3 c4 13. dxc4 dxc4 14. Nc3
Qc5+ 15. Kh1 Bf5 16. Rc1 Ng4 17. Qe1 Rfe8 18. Na4 Qd6 19. Qg3 h5 20. Bc3 Qh6
21. Ne5 Ba3 22. Nxg4 hxg4 23. Bb2 Be7 24. Qf2 Bh4 25. g3 Be4+ 26. Kg1 Be7 27.
Nc5 Bf3 28. Rfe1 Qh3 29. Bd4 Bd6 30. Nd7 f6 31. Bc5 Bc7 32. Re7 Rxe7 33. Bxe7
Re8 34. Re1 Bd5 35. b4 0-1

[Event "C.to Regionale Umbria"]
[Site "Foligno ITA"]
[Date "2009.06.06"]
[Round "4"]
[White "Napoli, Nicolo'"]
[Black "Marcugini, Stefano"]
[Result "1-0"]
[WhiteElo "2353"]
[BlackElo "1925"]
[PlyCount "63"]
[EventDate "2009.06.05"]

1. d4 Nf6 2. Nc3 g6 3. e4 d6 4. Bg5 Bg7 5. f4 O-O 6. e5 dxe5 7. dxe5 Nfd7 8.
Bc4 Nb6 9. Bb3 Nc6 10. Qxd8 Rxd8 11. Nf3 Bg4 12. Nd2 Kf8 13. h3 Bd7 14. O-O-O
Nd4 15. Rde1 Nxb3+ 16. axb3 Bc6 17. Re2 h6 18. Bh4 Nd5 19. Rf1 Nxc3 20. bxc3 a5
21. f5 g5 22. Bg3 a4 23. f6 exf6 24. exf6 Bh8 25. Kb2 axb3 26. cxb3 Rd7 27. Rf5
Rad8 28. Nc4 Bd5 29. Ne5 Rd6 30. Ng4 Rc6 31. Rd2 Rc5 32. c4 1-0

[Event "C.to Regionale Umbria"]
[Site "Foligno ITA"]
[Date "2009.06.06"]
[Round "4"]
[White "Ragnini, Damiano"]
[Black "Trasciatti, Mirko"]
[Result "1/2-1/2"]
[WhiteElo "1819"]
[BlackElo "1943"]
[PlyCount "29"]
[EventDate "2009.06.05"]

1. d4 f5 2. c4 e6 3. Nf3 Nf6 4. Bg5 Be7 5. e3 O-O 6. Bd3 d5 7. Nbd2 Ne4 8. Bxe7
Qxe7 9. O-O c6 10. c5 Nd7 11. a4 g5 12. h3 Kh8 13. Nh2 Nxd2 14. Qxd2 Rg8 15.
Be2 1/2-1/2

[Event "C.to Regionale Umbria"]
[Site "Foligno ITA"]
[Date "2009.06.06"]
[Round "4"]
[White "Romano, Claudio"]
[Black "Basso, Lorenzo"]
[Result "1/2-1/2"]
[WhiteElo "1572"]
[BlackElo "1811"]
[PlyCount "114"]
[EventDate "2009.06.05"]

1. e4 g6 2. Nf3 Bg7 3. d4 c6 4. c4 d5 5. cxd5 cxd5 6. e5 Nh6 7. Bf4 Nc6 8. Nc3
Bg4 9. Qb3 Bxf3 10. gxf3 Nxd4 11. Qa4+ Nc6 12. Rd1 e6 13. Ne4 O-O 14. Bxh6 Bxh6
15. f4 Qh4 16. Nf6+ Kh8 17. Rd3 Qxf4 18. Qxf4 Bxf4 19. Rh3 h5 20. Nxh5 Bxe5 21.
Nf6+ Kg7 22. Nd7 Rh8 23. Rb3 Bxh2 24. Rxb7 a5 25. Bg2 Ra7 26. Rxa7 Nxa7 27. Nc5
Nc6 28. Ke2 Rh5 29. Nd3 Kf8 30. Rc1 Nb4 31. Rc5 d4 32. Rxh5 gxh5 33. Nxb4 axb4
34. Kd3 Bg1 35. f3 Be3 36. Kc4 Ke7 37. Kxb4 d3 38. Kc3 d2 39. Kc2 Kd6 40. b4
Bf4 41. a4 Kc6 42. Bf1 Kb6 43. a5+ Kb7 44. b5 Be3 45. Kd1 f5 46. Bh3 h4 47. Ke2
Kc7 48. Kd1 Kd6 49. b6 Kc6 50. Ke2 Kb7 51. Kd1 Ka6 52. Ke2 Bf4 53. Kd1 Kxa5 54.
b7 Kb4 55. b8=Q+ Bxb8 56. Kxd2 Kc4 57. Ke3 57... Kd5 {...} 1/2-1/2

[Event "C.to Regionale Umbria"]
[Site "Foligno ITA"]
[Date "2009.06.06"]
[Round "4"]
[White "Salerno, Francesco"]
[Black "Malfagia, Andrea"]
[Result "1/2-1/2"]
[WhiteElo "2000"]
[BlackElo "2282"]
[PlyCount "72"]
[EventDate "2009.06.05"]

1. d4 Nf6 2. c4 e6 3. Nf3 Bb4+ 4. Bd2 Qe7 5. g3 Nc6 6. Bg2 Bxd2+ 7. Nbxd2 d6 8.
O-O O-O 9. Rc1 a5 10. e3 e5 11. a3 a4 12. Qc2 Bg4 13. c5 e4 14. Ng5 d5 15. Rce1
h6 16. Nh3 Qd7 17. Nf4 g5 18. Ne2 Bh3 19. f3 Bxg2 20. Kxg2 Rfe8 21. Nc3 exf3+
22. Rxf3 Re6 23. h3 Kg7 24. Ref1 Ne7 25. e4 dxe4 26. Ndxe4 Nxe4 27. Rxf7+ Kg8
28. d5 Nxd5 29. Rxd7 Ne3+ 30. Kh2 Nxc2 31. Nxe4 Rxe4 32. Rff7 Rc8 33. Rg7+ Kf8
34. Rh7 Ke8 35. Rdg7 Re2+ 36. Kg1 Kf8 1/2-1/2

[Event "C.to Regionale Umbria"]
[Site "Foligno ITA"]
[Date "2009.06.06"]
[Round "4"]
[White "Vitali, Roberto"]
[Black "Ferri, Fabio"]
[Result "0-1"]
[WhiteElo "1493"]
[BlackElo "1815"]
[PlyCount "52"]
[EventDate "2009.06.05"]

1. b4 e5 2. Bb2 d6 3. e3 f5 4. c4 Nf6 5. Nf3 Be7 6. d4 e4 7. Ng5 d5 8. c5 c6 9.
Nc3 Ng4 10. Nh3 O-O 11. Qb3 a6 12. Nf4 Bg5 13. Ncxd5 cxd5 14. Nxd5 Kh8 15. Nb6
f4 16. O-O-O fxe3 17. fxe3 Nxe3 18. Kb1 Nxd1 19. Nxa8 Nxb2 20. Qxb2 Bf5 21. Ka1
Bf6 22. Kb1 Bxd4 23. Qe2 e3+ 24. Kc1 Bg6 25. Qg4 Bc3 26. Qe2 Bd2+ 0-1

[Event "C.to Regionale Umbria"]
[Site "Foligno ITA"]
[Date "2009.06.06"]
[Round "5"]
[White "Balducci, Alessandro"]
[Black "Minni, Stefano"]
[Result "1-0"]
[WhiteElo "1816"]
[BlackElo "1452"]
[PlyCount "87"]
[EventDate "2009.06.05"]

1. f4 d5 2. Nf3 Nf6 3. e3 Bg4 4. b3 e6 5. Bb2 Bc5 6. Be2 Nbd7 7. O-O O-O 8. c4
c6 9. Nc3 Qe7 10. d4 Ba3 11. Bxa3 Qxa3 12. Ne5 Bxe2 13. Qxe2 Qa5 14. Rac1 Qc7
15. Qf3 Ne8 16. cxd5 Nxe5 17. fxe5 exd5 18. Nxd5 Qd7 19. Nf4 Nc7 20. Qg3 Qf5
21. Rf2 Ne6 22. Rcf1 Qg5 23. Qh3 Qh6 24. Qxh6 gxh6 25. Nxe6 fxe6 26. Rxf8+ Rxf8
27. Rxf8+ Kxf8 28. Kf2 Kg7 29. g4 Kg6 30. h4 h5 31. g5 Kf5 32. Kf3 b6 33. e4+
Kg6 34. Ke3 Kf7 35. Kd3 Ke7 36. Kc4 Kd7 37. b4 b5+ 38. Kc5 Kc7 39. d5 cxd5 40.
exd5 exd5 41. Kxd5 Kd7 42. e6+ Ke7 43. Ke5 Ke8 44. Kf6 1-0

[Event "C.to Regionale Umbria"]
[Site "Foligno ITA"]
[Date "2009.06.06"]
[Round "5"]
[White "Basso, Lorenzo"]
[Black "Marcugini, Stefano"]
[Result "1-0"]
[WhiteElo "1811"]
[BlackElo "1925"]
[PlyCount "29"]
[EventDate "2009.06.05"]

1. d4 Nf6 2. Bg5 e6 3. e4 Be7 4. Bd3 d6 5. Nd2 Nbd7 6. f4 b6 7. Ngf3 Bb7 8. O-O
O-O 9. h3 c5 10. e5 dxe5 11. dxe5 Nd5 12. Qe1 Bxg5 13. Nxg5 Nb4 14. Bxh7+ Kh8
15. Qh4 1-0

[Event "C.to Regionale Umbria"]
[Site "Foligno ITA"]
[Date "2009.06.06"]
[Round "5"]
[White "Castrogiovanni, Carlo"]
[Black "Salerno, Francesco"]
[Result "1/2-1/2"]
[WhiteElo "2027"]
[BlackElo "2000"]
[PlyCount "46"]
[EventDate "2009.06.05"]

1. d4 d5 2. c4 c6 3. Nf3 Nf6 4. Nc3 a6 5. cxd5 cxd5 6. Bf4 Nc6 7. e3 Bg4 8. h3
Bxf3 9. Qxf3 e6 10. Rc1 Be7 11. Bd3 O-O 12. O-O Qa5 13. Qe2 Rfc8 14. Bb1 b5 15.
a3 b4 16. axb4 Qxb4 17. Bd3 Qb7 18. Ra1 Nb4 19. Rfd1 Nxd3 20. Rxd3 Rc6 21. Rdd1
Rac8 22. Ra2 Bb4 23. Rda1 e5 1/2-1/2

[Event "C.to Regionale Umbria"]
[Site "Foligno ITA"]
[Date "2009.06.06"]
[Round "5"]
[White "De Leo, Sara"]
[Black "Minelli, Francesco"]
[Result "0-1"]
[WhiteElo "1401"]
[BlackElo "1857"]
[PlyCount "90"]
[EventDate "2009.06.05"]

1. e4 c5 2. Nc3 d6 3. f4 Nc6 4. Bb5 Bd7 5. d3 g6 6. Nf3 Bg7 7. O-O e6 8. Qe1
Nge7 9. Qh4 a6 10. Bc4 b5 11. Bb3 Nd4 12. Nxd4 cxd4 13. Ne2 O-O 14. f5 exf5 15.
Bh6 Nc6 16. Qxd8 Raxd8 17. Bxg7 Kxg7 18. c3 dxc3 19. Nxc3 Nd4 20. Bd5 Nc2 21.
Rac1 Ne3 22. Rf3 Nxd5 23. Nxd5 fxe4 24. dxe4 Be6 25. Nb4 a5 26. Nc6 Rc8 27.
Rcc3 a4 28. Nd4 Rxc3 29. Nxe6+ fxe6 30. Rxc3 Kf6 31. Rc6 Ke5 32. Rb6 Kxe4 33.
Rxd6 e5 34. Rb6 Ke3 35. Rxb5 e4 36. Rb4 Rd8 37. h3 Rd4 38. Rxd4 Kxd4 39. Kf2
Kd3 40. b3 Kd2 41. bxa4 e3+ 42. Kg1 e2 43. a5 e1=Q+ 44. Kh2 Qe5+ 45. Kg1 Qxa5
0-1

[Event "C.to Regionale Umbria"]
[Site "Foligno ITA"]
[Date "2009.06.06"]
[Round "5"]
[White "Ferri, Fabio"]
[Black "Almadori, Giovanni"]
[Result "1-0"]
[WhiteElo "1815"]
[BlackElo "1401"]
[PlyCount "59"]
[EventDate "2009.06.05"]

1. e4 e6 2. d4 d5 3. Nc3 dxe4 4. Nxe4 Nd7 5. c3 b6 6. Nf3 Bb7 7. Bd3 Ngf6 8.
Qe2 Be7 9. O-O O-O 10. Re1 Nxe4 11. Bxe4 Bxe4 12. Qxe4 Nf6 13. Qe2 Re8 14. Ne5
c5 15. Nc6 Qc7 16. Nxe7+ Qxe7 17. Be3 Qc7 18. Rad1 cxd4 19. Bxd4 Qf4 20. Rd3
Ng4 21. Rg3 h5 22. h3 e5 23. Be3 Nxe3 24. Rxe3 f6 25. Qxh5 Rad8 26. Qg6 Re7 27.
Rd3 Ree8 28. Red1 Rc8 29. Rd7 Qc4 30. Qxg7# 1-0

[Event "C.to Regionale Umbria"]
[Site "Foligno ITA"]
[Date "2009.06.06"]
[Round "5"]
[White "Ficco, Corrado"]
[Black "Napoli, Nicolo'"]
[Result "1/2-1/2"]
[WhiteElo "2163"]
[BlackElo "2353"]
[PlyCount "50"]
[EventDate "2009.06.05"]

1. e4 g6 2. d4 Bg7 3. Nf3 d5 4. exd5 Qxd5 5. Nc3 Qd6 6. Be2 Nf6 7. O-O O-O 8.
Nb5 Qd8 9. c4 Ne4 10. Bf4 Nd6 11. a4 Bg4 12. Be5 Nd7 13. Bxg7 Kxg7 14. Nxd6
cxd6 15. h3 Bxf3 16. Bxf3 Qc7 17. b3 Nf6 18. Re1 e6 19. Qd2 Rad8 20. Qb4 d5 21.
c5 Rb8 22. Qc3 b6 23. g4 Rfc8 24. Rac1 a6 25. Qd3 Qe7 1/2-1/2

[Event "C.to Regionale Umbria"]
[Site "Foligno ITA"]
[Date "2009.06.06"]
[Round "5"]
[White "Maddaloni, Giovanni"]
[Black "Romano, Claudio"]
[Result "0-1"]
[WhiteElo "1812"]
[BlackElo "1572"]
[PlyCount "56"]
[EventDate "2009.06.05"]

1. e4 e5 2. Nf3 Nc6 3. Bb5 a6 4. Bc4 Nf6 5. O-O Be7 6. Re1 b5 7. Bb3 O-O 8. h3
Re8 9. a4 Bb7 10. axb5 axb5 11. Rxa8 Bxa8 12. Ng5 d5 13. Nc3 Nd4 14. Ba2 b4 15.
Ne2 Nxe4 16. Nxf7 Nxe2+ 17. Qxe2 Kxf7 18. Qxe4 Bc5 19. d4 Re6 20. Qxh7 Bxd4 21.
c3 bxc3 22. bxc3 Bb6 23. Qh5+ Kg8 24. Bg5 Qf8 25. Bh4 Qf4 26. Bb1 e4 27. Qg5
Bxf2+ 28. Kh1 Qxg5 0-1

[Event "C.to Regionale Umbria"]
[Site "Foligno ITA"]
[Date "2009.06.06"]
[Round "5"]
[White "Malfagia, Andrea"]
[Black "Ragnini, Damiano"]
[Result "1-0"]
[WhiteElo "2282"]
[BlackElo "1819"]
[PlyCount "89"]
[EventDate "2009.06.05"]

1. d4 d5 2. c4 e6 3. Nc3 Nf6 4. cxd5 exd5 5. Bg5 Nbd7 6. e3 Be7 7. Bd3 h6 8.
Bh4 Nb6 9. Qc2 Be6 10. Nf3 a6 11. O-O O-O 12. Ne5 Nbd7 13. f4 Nxe5 14. dxe5 Ng4
15. Bxe7 Qxe7 16. Rae1 h5 17. h3 Nh6 18. f5 Bd7 19. Nxd5 Qxe5 20. Bc4 Nxf5 21.
Rxf5 Bxf5 22. Qxf5 Qxf5 23. Ne7+ Kh8 24. Nxf5 g6 25. Nd4 b5 26. Bd5 Rad8 27.
Bc6 Kg7 28. Rc1 Rd6 29. Kf2 f5 30. Bf3 Rf7 31. g3 Kh6 32. h4 Re7 33. Rc5 c6 34.
Bxc6 Rc7 35. b4 Kg7 36. Bf3 Ra7 37. Bd5 Kf6 38. Kf3 g5 39. hxg5+ Kxg5 40. Be6
Kf6 41. Rxf5+ Kg6 42. Kf4 Re7 43. Ke5 Rb6 44. Rf6+ Kh7 45. Nf5 1-0

[Event "C.to Regionale Umbria"]
[Site "Foligno ITA"]
[Date "2009.06.06"]
[Round "5"]
[White "Seravelli, Paolo"]
[Black "De Lucia, Alfredo"]
[Result "0-1"]
[WhiteElo "1804"]
[BlackElo "1555"]
[PlyCount "143"]
[EventDate "2009.06.05"]

1. e4 e6 2. d4 d5 3. exd5 exd5 4. h3 g6 5. Nf3 Bg7 6. c3 Nf6 7. Bg5 O-O 8. Be2
Re8 9. O-O Qd6 10. Nbd2 Bd7 11. Ne5 Be6 12. Ndf3 Ne4 13. Bf4 Qe7 14. Re1 f6 15.
Nd3 g5 16. Bh2 b6 17. Bf1 Nc6 18. Qa4 Qd7 19. Nb4 Nxb4 20. Qxb4 a5 21. Qb3 a4
22. Qc2 c6 23. Bd3 f5 24. Ne5 Qc8 25. f3 Nf6 26. Qd2 h6 27. Rac1 b5 28. b3 Nd7
29. c4 dxc4 30. bxc4 bxc4 31. Bxc4 Bxc4 32. Rxc4 c5 33. Qc2 Nxe5 34. Bxe5 Qe6
35. Rxc5 Rac8 36. Rxc8 Rxc8 37. Qxa4 Re8 38. Qa5 f4 39. Kf2 Qf5 40. Qd5+ Kh7
41. Qb7 Rg8 42. Rc1 Kg6 43. Qb1 Bxe5 44. dxe5 Qxb1 45. Rxb1 Kf5 46. a4 Ra8 47.
Rb4 Kxe5 48. Ke2 h5 49. Kd3 Rd8+ 50. Ke2 Ra8 51. Rb5+ Kd4 52. a5 Re8+ 53. Kd2
Rg8 54. a6 Kc4 55. Ra5 Kb4 56. Ra1 Rd8+ 57. Ke2 Re8+ 58. Kf1 Kc3 59. Re1 Ra8
60. Ra1 Ra7 61. Kg1 Kb4 62. Rb1+ Ka5 63. Ra1+ Kb5 64. Kf2 Kc4 65. Ke2 Re7+ 66.
Kd2 Rd7+ 67. Kc2 Ra7 68. Ra4+ Kb5 69. Kb3 Kb6 70. Kc4 Rc7+ 71. Kd5 Rd7+ 72. Ke6
{...} 0-1

[Event "C.to Regionale Umbria"]
[Site "Foligno ITA"]
[Date "2009.06.06"]
[Round "5"]
[White "Tortolini, Francesco"]
[Black "Andreozzi, Paolo"]
[Result "1-0"]
[WhiteElo "1855"]
[BlackElo "1770"]
[PlyCount "41"]
[EventDate "2009.06.05"]

1. e4 g6 2. d4 Bg7 3. Nf3 c5 4. c3 cxd4 5. cxd4 d5 6. exd5 Qxd5 7. Nc3 Qd8 8.
Bc4 Nh6 9. O-O O-O 10. Re1 Nd7 11. Bf4 Nb6 12. Bb3 a6 13. Bg5 Re8 14. Ne5 Be6
15. Bxe6 fxe6 16. Bxh6 Bxh6 17. Qg4 Qc8 18. Re4 Nd5 19. Nxg6 hxg6 20. Qxg6+ Bg7
21. Rg4 1-0

[Event "C.to Regionale Umbria"]
[Site "Foligno ITA"]
[Date "2009.06.06"]
[Round "5"]
[White "Trasciatti, Mirko"]
[Black "Marsili, Riccardo"]
[Result "1/2-1/2"]
[WhiteElo "1943"]
[BlackElo "1874"]
[PlyCount "49"]
[EventDate "2009.06.05"]

1. f4 d5 2. e3 c5 3. Nf3 Nc6 4. Be2 Bf5 5. O-O Nf6 6. a3 e6 7. d4 cxd4 8. exd4
Ne4 9. c3 Be7 10. Ne5 Nxe5 11. fxe5 Bg5 12. Bb5+ Kf8 13. a4 h5 14. Na3 h4 15.
Bd3 h3 16. Bxe4 Bxe4 17. g3 Bxc1 18. Rxc1 Qg5 19. Qe2 Bg2 20. Rfe1 a6 21. Nc2
g6 22. Ne3 Be4 23. Ng4 Kg7 24. Nf6 Bg2 25. Qe3 1/2-1/2

[Event "C.to Regionale Umbria"]
[Site "Foligno ITA"]
[Date "2009.06.07"]
[Round "6"]
[White "Almadori, Giovanni"]
[Black "Seravelli, Paolo"]
[Result "0-1"]
[WhiteElo "1401"]
[BlackElo "1804"]
[PlyCount "62"]
[EventDate "2009.06.05"]

1. Nf3 Nc6 2. d4 d5 3. g3 Nf6 4. Bg2 Bf5 5. c3 e6 6. Qa4 Nd7 7. O-O Bd6 8. Nbd2
O-O 9. Re1 Nb6 10. Qd1 h6 11. e4 dxe4 12. Nxe4 Bxe4 13. Rxe4 Qd7 14. Qc2 Rad8
15. Rg4 f5 16. Rh4 Be7 17. Rh3 Nd5 18. Bxh6 gxh6 19. Rxh6 Kg7 20. Rh3 Rh8 21.
Rxh8 Rxh8 22. Re1 Bf6 23. Qe2 Kf7 24. h4 f4 25. Bh3 Nd8 26. Kg2 fxg3 27. fxg3
Rg8 28. Kf2 Qd6 29. Ne5+ Bxe5 30. Qh5+ Ke7 31. Rxe5 31... Rf8+ {...} 0-1

[Event "C.to Regionale Umbria"]
[Site "Foligno ITA"]
[Date "2009.06.07"]
[Round "6"]
[White "Andreozzi, Paolo"]
[Black "De Lucia, Alfredo"]
[Result "1-0"]
[WhiteElo "1770"]
[BlackElo "1555"]
[PlyCount "75"]
[EventDate "2009.06.05"]

1. d4 d5 2. Nf3 g6 3. Bf4 Bg7 4. e3 Nf6 5. Be2 O-O 6. Nc3 a6 7. O-O b5 8. h3
Bb7 9. Ne5 Nbd7 10. Rc1 Rc8 11. b4 e6 12. Nd3 Re8 13. a4 bxa4 14. Nxa4 Bc6 15.
c3 Bb5 16. Nac5 Nxc5 17. Nxc5 Ra8 18. f3 Nd7 19. Nb7 Qc8 20. Na5 Nb6 21. Re1
Qd7 22. c4 Ba4 23. Qd2 dxc4 24. Bxc4 Nxc4 25. Rxc4 c6 26. Qc1 Rec8 27. g4 Bf8
28. Qb2 Bb5 29. Rcc1 Qd5 30. e4 Qd8 31. Kg2 g5 32. Bd2 Bg7 33. Bc3 Qc7 34. d5
Bxc3 35. Qxc3 exd5 36. exd5 Qd6 37. Nxc6 Ra7 38. Ne7+ 1-0

[Event "C.to Regionale Umbria"]
[Site "Foligno ITA"]
[Date "2009.06.07"]
[Round "6"]
[White "Basso, Lorenzo"]
[Black "Balducci, Alessandro"]
[Result "1/2-1/2"]
[WhiteElo "1811"]
[BlackElo "1816"]
[PlyCount "31"]
[EventDate "2009.06.05"]

1. d4 Nf6 2. Bg5 e6 3. e4 h6 4. Bxf6 Qxf6 5. Nf3 d5 6. e5 Qd8 7. Bd3 c5 8. c3
Nc6 9. O-O Qb6 10. Qb3 Bd7 11. Qxb6 axb6 12. Nbd2 Be7 13. a3 O-O 14. Rac1 f6
15. Rfe1 f5 16. c4 1/2-1/2

[Event "C.to Regionale Umbria"]
[Site "Foligno ITA"]
[Date "2009.06.07"]
[Round "6"]
[White "Marcugini, Stefano"]
[Black "Ferri, Fabio"]
[Result "1/2-1/2"]
[WhiteElo "1925"]
[BlackElo "1815"]
[PlyCount "39"]
[EventDate "2009.06.05"]

1. e4 d5 2. exd5 Nf6 3. Nc3 Nxd5 4. Nxd5 Qxd5 5. d4 Nc6 6. c3 e5 7. dxe5 Qxd1+
8. Kxd1 Nxe5 9. Bf4 Bd6 10. Bxe5 Bxe5 11. Nf3 Bg4 12. Be2 O-O-O+ 13. Kc2 Bf5+
14. Kb3 Bf6 15. Rhd1 Rhe8 16. Rxd8+ Rxd8 17. Rd1 Be6+ 18. Kc2 Bf5+ 19. Kb3 Be6+
20. Kc2 1/2-1/2

[Event "C.to Regionale Umbria"]
[Site "Foligno ITA"]
[Date "2009.06.07"]
[Round "6"]
[White "Minelli, Francesco"]
[Black "Trasciatti, Mirko"]
[Result "1/2-1/2"]
[WhiteElo "1857"]
[BlackElo "1943"]
[PlyCount "68"]
[EventDate "2009.06.05"]

1. e4 e6 2. b3 d5 3. Bb2 Nf6 4. e5 Ne4 5. d3 Nc5 6. f4 b6 7. Nf3 Bb7 8. Qe2 Be7
9. Nc3 a5 10. O-O-O Ncd7 11. g4 Bb4 12. Nb5 a4 13. f5 Nf8 14. Rg1 axb3 15. axb3
Ba6 16. Nfd4 Bxb5 17. Nxb5 Nc6 18. c3 Be7 19. f6 gxf6 20. exf6 Bxf6 21. Bg2 Na7
22. Bxd5 Nxb5 23. Bc6+ Ke7 24. Bxb5 Ra5 25. Ba4 Bg5+ 26. Kc2 Ng6 27. c4 f6 28.
Rgf1 Qd6 29. Qf3 Ne5 30. Qg3 Rg8 31. Bxe5 Rxe5 32. Qf2 Rf8 33. Rfe1 Rxe1 34.
Rxe1 Qf4 1/2-1/2

[Event "C.to Regionale Umbria"]
[Site "Foligno ITA"]
[Date "2009.06.07"]
[Round "6"]
[White "Minni, Stefano"]
[Black "Bassini, Massimo"]
[Result "1/2-1/2"]
[WhiteElo "1452"]
[BlackElo "1563"]
[PlyCount "120"]
[EventDate "2009.06.05"]

1. c4 c5 2. Nc3 Nc6 3. g3 e5 4. Bg2 Nf6 5. d3 Be7 6. Nf3 d6 7. O-O O-O 8. a3
Be6 9. e4 h6 10. Nd5 Qd7 11. b4 Nd4 12. Nxd4 cxd4 13. Nxf6+ Bxf6 14. f4 Bh3 15.
f5 Bxg2 16. Kxg2 Qe7 17. Qg4 Kh7 18. Bd2 Rac8 19. b5 b6 20. Bb4 Bg5 21. h4 Be3
22. Qf3 Qf6 23. a4 Rh8 24. a5 Rhg8 25. Ra2 Rb8 26. Rfa1 g6 27. fxg6+ Qxg6 28.
Qf5 Qxf5 29. exf5 Bf4 30. Be1 Rg7 31. Kf3 Be3 32. axb6 axb6 33. Ra7 Rbg8 34.
Rb7 Bd2 35. Bxd2 Rxg3+ 36. Ke4 R8g4+ 37. Kd5 Rxd3 38. Rxf7+ Kg8 39. Ke6 Kh8 40.
Ra8+ Rg8 41. Rxg8+ Kxg8 42. Bxh6 Rg3 43. Bg5 d3 44. Rd7 e4 45. Rxd6 e3 46. Bxe3
Rxe3+ 47. Kf6 Kh7 48. c5 bxc5 49. b6 c4 50. b7 Re8 51. Rd4 Rb8 52. Rxc4 Rxb7
53. Rd4 Rb3 54. Ke5 Kg7 55. Ke4 Kf6 56. h5 Kg5 57. h6 Kxh6 58. Rxd3 Rxd3 59.
Kxd3 Kg5 60. Ke4 Kf6 1/2-1/2

[Event "C.to Regionale Umbria"]
[Site "Foligno ITA"]
[Date "2009.06.07"]
[Round "6"]
[White "Napoli, Nicolo'"]
[Black "Castrogiovanni, Carlo"]
[Result "1-0"]
[WhiteElo "2353"]
[BlackElo "2027"]
[PlyCount "97"]
[EventDate "2009.06.05"]

1. d4 Nf6 2. Nc3 d5 3. Bg5 Nbd7 4. e3 h6 5. Bh4 c6 6. f4 e6 7. Nf3 Be7 8. Bd3
b6 9. O-O Ng4 10. Bxe7 Qxe7 11. Qe2 f5 12. Nd1 Bb7 13. c4 c5 14. cxd5 Bxd5 15.
Nc3 Bxf3 16. Qxf3 O-O 17. d5 Rac8 18. Bc4 exd5 19. Nxd5 Qd8 20. h3 Nge5 21.
fxe5 Nxe5 22. Qf4 Nxc4 23. Qxc4 b5 24. Qd3 c4 25. Qd4 Qg5 26. Qf4 Rfd8 27. Rad1
Qh5 28. Ne7+ Kh8 29. Rxd8+ Rxd8 30. Qxf5 Qxf5 31. Rxf5 b4 32. Rc5 Rd1+ 33. Kh2
Rd2 34. Rxc4 Rxb2 35. Nc6 Rxa2 36. Rxb4 a5 37. Rb8+ Kh7 38. Ra8 Re2 39. Re8 a4
40. Nd4 Re1 41. Nb5 Kg6 42. Kg3 Rc1 43. Re6+ Kf7 44. Re4 Ra1 45. Nc3 a3 46. Ra4
Kf6 47. Kf2 Ke5 48. Ra5+ Ke6 49. Nb5 1-0

[Event "C.to Regionale Umbria"]
[Site "Foligno ITA"]
[Date "2009.06.07"]
[Round "6"]
[White "Romano, Claudio"]
[Black "Marsili, Riccardo"]
[Result "1-0"]
[WhiteElo "1572"]
[BlackElo "1874"]
[PlyCount "81"]
[EventDate "2009.06.05"]

1. d4 Nf6 2. Nf3 c5 3. d5 d6 4. g3 e5 5. Nc3 Be7 6. e4 O-O 7. Bg2 a6 8. a4 Nbd7
9. Qe2 Ne8 10. O-O g6 11. h4 Ng7 12. Bh6 f5 13. Ng5 Nf6 14. Bh3 Re8 15. Bxg7
Kxg7 16. exf5 gxf5 17. Ne6+ Bxe6 18. dxe6 f4 19. Bf5 fxg3 20. fxg3 Kh8 21. Ne4
Nxe4 22. Bxe4 Rg8 23. Rf7 Rg7 24. Rxg7 Kxg7 25. Qh5 Qg8 26. Rf1 Rf8 27. Qg5+
Kh8 28. Rxf8 Qxf8 29. Qh5 Qg8 30. g4 b6 31. c4 a5 32. g5 Qg7 33. Bxh7 e4 34.
Bxe4+ Kg8 35. Qe8+ Bf8 36. Qg6 Qxg6 37. Bxg6 Kg7 38. Bf5 Be7 39. Kf2 Kf8 40.
Ke3 Kg7 41. Ke4 1-0